000
00269nam a2200109Ia 4500
008
220120s9999||||xx |||||||||||||| ||und||
100
_a
Chhabra, T.N
245
0
_a
Industrial relations
260
_a
Dhanpat rai publications
_c
2011
300
_b
0
650
_a
MECHANICHAL
999
_c
137188
_d
137188